000
00305nam a2200121Ia 4500
008
210428s9999 xx 000 0 und d
082
_a
620 G354 M
100
_a
James M Gere
_9
13396
245
0
_a
Mechanics of Materials 5th ed
260
_b
Brooks/Cole
_a
Australia
_c
2001
300
_a
926p.
942
_c
BK
999
_c
559876
_d
559876